Southville International School and Colleges
Your cart is empty.
  • Cart
  • Lists
    Public lists Eva Luna New books Lux_list list_1
    Your lists Log in to create your own lists
  • Log in to your account
  • Your cookies
  • Search history
Southville International School and Colleges
  • Advanced search
  • Recent comments
  • Most popular
  • Libraries

Log in to your account

Log in with GOOGLE


If you do not have an external account, but do have a local account, you can still log in:

  1. Home
  2. MARC view: Monkey trouble /
Normal view MARC view ISBD view

Monkey trouble / (Record no. 1002)

[ view plain ]
MARC details
000 -LEADER
fixed length control field 00922cam a22003013a 4500
001 - CONTROL NUMBER
control field 16392862
003 - CONTROL NUMBER IDENTIFIER
control field OSt
005 - DATE AND TIME OF LATEST TRANSACTION
control field 20160727110323.0
008 - FIXED-LENGTH DATA ELEMENTS--GENERAL INFORMATION
fixed length control field 980507s1994 xxu 000 1 eng
010 ## - LIBRARY OF CONGRESS CONTROL NUMBER
LC control number 98814888
020 ## - INTERNATIONAL STANDARD BOOK NUMBER
International Standard Book Number 0671887408 (pbk.)
035 ## - SYSTEM CONTROL NUMBER
System control number (DLC) 98814888
040 ## - CATALOGING SOURCE
Original cataloging agency DLC
Transcribing agency DLC
Modifying agency DLC
050 00 - LIBRARY OF CONGRESS CALL NUMBER
Classification number PZ 7
Item number .L617 1994
082 ## - DEWEY DECIMAL CLASSIFICATION NUMBER
Classification number KF
Item number L56m 1994
100 1# - MAIN ENTRY--PERSONAL NAME
Personal name Leroe, Ellen.
9 (RLIN) 6237
245 10 - TITLE STATEMENT
Title Monkey trouble /
Statement of responsibility, etc by Ellen Leroe.
260 ## - PUBLICATION, DISTRIBUTION, ETC. (IMPRINT)
Place of publication, distribution, etc New York :
Name of publisher, distributor, etc Minstrel Books,
Date of publication, distribution, etc c1994.
300 ## - PHYSICAL DESCRIPTION
Extent 150 p. :
Dimensions 19 cm.
562 ## - COPY AND VERSION IDENTIFICATION NOTE
Number of copies For Circulation. 1 copy in the collection
650 ## - SUBJECT ADDED ENTRY--TOPICAL TERM
Topical term or geographic name as entry element Children's literature
General subdivision Fiction
9 (RLIN) 6238
650 ## - SUBJECT ADDED ENTRY--TOPICAL TERM
Topical term or geographic name as entry element Friendship
General subdivision Fiction
9 (RLIN) 6239
655 #7 - INDEX TERM--GENRE/FORM
Genre/form data or focus term Young adult fiction.
Source of term lcsh
9 (RLIN) 3735
710 2# - ADDED ENTRY--CORPORATE NAME
Corporate name or jurisdiction name as entry element Copyright Paperback Collection (Library of Congress)
Institution to which field applies DLC
9 (RLIN) 705
906 ## - LOCAL DATA ELEMENT F, LDF (RLIN)
a 7
b cbc
c orignew
d 2
e ncip
f 19
g y-genrareb
942 ## - ADDED ENTRY ELEMENTS (KOHA)
Source of classification or shelving scheme Library of Congress Classification
Koha item type Books
Holdings
Withdrawn status Lost status Source of classification or shelving scheme Damaged status Home library Current library Shelving location Date acquired Source of acquisition Total Checkouts Full call number Barcode Date last seen Copy number Price effective from Koha item type
    Library of Congress Classification   Luxembourg Library Luxembourg Library Kids Fiction Section 04/13/2012 Donation   PZ 7 .L617 1994 4758 08/13/2013 1 10/03/2013 Books

Monkey trouble /

APA

Leroe E., Copyright Paperback Collection (Library of Congress), . (1994). Monkey trouble. New York: Minstrel Books.

Chicago

Leroe Ellen, Copyright Paperback Collection (Library of Congress), . 1994. Monkey trouble. New York: Minstrel Books.

Harvard

Leroe E., Copyright Paperback Collection (Library of Congress), . (1994). Monkey trouble. New York: Minstrel Books.

MLA

Leroe Ellen, Copyright Paperback Collection (Library of Congress), . Monkey trouble. New York: Minstrel Books. 1994.

  • Place hold
  • Print
  • Cite
  • Add to your cart (remove)
  • Save record
    BIBTEX Dublin Core MARCXML MARC (non-Unicode/MARC-8) MARC (Unicode/UTF-8) MARC (Unicode/UTF-8, Standard) MODS (XML) RIS
  • More searches
    Search for this title in:
    Other Libraries (WorldCat) Other Databases (Google Scholar) Online Stores (Bookfinder.com) Open Library (openlibrary.org)

Exporting to Dublin Core...

SOUTHVILLE LIBRARY

Southville International School and Colleges Library

1281 Tropical Ave. Cor. Luxembourg St., BF Homes International, Las Pinas City

Tel. No. 8256374 / 252358 Loc. 117/146

Powered by Koha